Score 0/33 Timer 06:00
3 Plays Today
Relationship Person % Correct
Husband of GinnyHarry Potter
88.2%
Son of Harry Albus Potter or James Potter
83.9%
Husband of (Nymphadora) TonksRemus Lupin
83.6%
Sister of CharlieGinny Weasley
83.4%
Husband of FleurBill Weasley
82.5%
Sister of PetuniaLily Evans (Potter)
81.7%
Mother of DracoNarcissa Malfoy
80.7%
Sister of NarcissaAndromeda Tonks or Bellatrix Lestrange
79.6%
Father of PercyArthur Weasley
78.8%
Sister of VernonAunt Marge
70.9%
Sister of GabrielleFleur Delacour
70.2%
Sister of ParvatiPadma Patil
66.6%
Father of LunaXenophilius Lovegood
65%
Son of Merope Lord Voldemort
62.8%
Brother of DennisColin Creevey
62.8%
Daughter of HermioneRose Weasley
60.6%
Father of CedricAmos Diggory
58.5%
Relationship Person % Correct
Daughter of RowenaGrey Lady
57%
Sister of AberforthAriana Dumbledore
54%
Son of DracoScorpius Malfoy
51.9%
Cousin of AndromedaSirius Black or Regulus Black
50.4%
Mother of Neville Alice Longbottom
49.1%
Mother of AlbusKendra Dumbledore or Ginny Weasley
47.6%
Wife of TedAndromeda Tonks
46%
Son of Eileen Severus Snape
36.7%
Aunt of SusanAmelia Bones
36%
Grandmother of NevilleAugusta Longbottom
35.4%
Brother of MeropeMorfin Gaunt
35.2%
Great-Great Grandfather of SiriusPhineas Nigellus Black
33.3%
'Second Cousin Once Removed' of SiriusArthur Weasley
26.8%
Brother of MollyFabian Prewett or Gideon Prewett
24.2%
Father of SeverusTobias Snape
20%
(Giantess) Mother of RubeusFridwulfa (Hagrid)
15%
Remove Ads.
Support Sporcle.
Get the best of Sporcle when you Go Orange. This ad-free experience offers more features, more stats, and more fun while also helping to support Sporcle. Thank you for becoming a member.

You're not logged in!

Compare scores with friends on all Sporcle quizzes.
OR
Log In

Show Comments

Extras

Top Quizzes Today


Score Distribution

Your Account Isn't Verified!

In order to create a playlist on Sporcle, you need to verify the email address you used during registration. Go to your Sporcle Settings to finish the process.

Report this User

Report this user for behavior that violates our Community Guidelines.

Details: